Tzintzuntzan : los campesinos mexicanos en un mundo de cambio.

Salvato in:
Dettagli Bibliografici
Autore principale: Foster, George M. (autor)
Altri autori: Maurer Avalos, Eugenio, an (autor) an, (autor)
Natura: Sconosciuto
Lingua:spagnolo
Soggetti:
Accesso online:Ver documento en línea
Tags: Aggiungi Tag
Nessun Tag, puoi essere il primo ad aggiungerne!!

MARC

LEADER 00000c**#a2200000ua#4500
001 000499297
003 DLC
005 20260411000000.0
008 070820c^^^^9999^^^^r1^^^^^^^^0^^^^0spa^d
009 20260411194108.965
022 |a 01851284 
035 |a FCE 000043344 
037 |a Acervo ITESO - Biblioteca 
041 |a spa 
095 |a RLEE  |b 73-2-129 
100 |a Foster, George M.  |e (autor) 
245 1 0 |a Tzintzuntzan :  |b los campesinos mexicanos en un mundo de cambio. 
264 |a México :  |b Centro de Estudios Educativos,  |c 1973. 
336 |a texto  |b txt  |2 rdacontenido 
337 |a sin mediación  |b n  |2 rdamedio 
338 |a volumen  |b nc  |2 rdasoporte 
649 |a XX 
650 |a Campesinos 
650 |a Reseña 
650 |a Tzintzuntzan 
650 |a Michoacán, México 
740 |g vol. 3, no. 2, 1973, pp. 129-133.  |t Revista Latinoamericana de Estudios Educativos. Libros, 
700 |a Maurer Avalos, Eugenio,  |e an  |e (autor) 
856 4 0 |u https://www.cee.edu.mx/rlee/revista/r1971_1980/r_texto/t_1973_2_11a.pdf  |y Ver documento en línea 
910 |a Fondo Centro de Estudios Educativos 
920 |a Impresos - Libros 
930 |a Fondos Especiales 
905 |a 133 
902 |a https://opac.biblio.iteso.mx/vufind/Record/000499297